Can You Name The Boeing Aircraft? Quiz Stats

Quiz not verified by Sporcle

Challenge
Share
Tweet
Score 0/13 Timer 03:00
0 Plays Today
% Correct
737
91.4%
747
90.1%
757
88.2%
777
86.8%
767
85.5%
787
85.5%
727
81.6%
707
69.7%
C 17
48%
Stratocruiser
38.8%
KC 135 Stratoliner
31.6%
Boeing 247
27%
Boeing 367
17.8%

You're not logged in!

Compare scores with friends on all Sporcle quizzes.
Join for Free
OR
Log In

You Might Also Like...

Show Comments

Extras

Top Quizzes Today


Score Distribution

Your Account Isn't Verified!

In order to create a playlist on Sporcle, you need to verify the email address you used during registration. Go to your Sporcle Settings to finish the process.

Report this User

Report this user for behavior that violates our Community Guidelines.

Details: